Statistics for Red States (Updated 2020)

Click here to take the quiz!

General Stats

  • This quiz has been taken 184 times
    (65 since last reset)
  • The average score is 18 of 20

Answer Stats

Answer% Correct
Alabama
100%
Texas
100%
Arkansas
96%
Kansas
95%
Kentucky
95%
Montana
95%
Tennessee
95%
Wyoming
93%
Alaska
91%
Mississippi
91%
North Dakota
91%
South Dakota
91%
Louisiana
89%
West Virginia
89%
Utah
87%
Idaho
85%
Missouri
85%
South Carolina
85%
Oklahoma
84%
Nebraska
82%

Score Distribution

Percentile by Number Answered

Percent of People with Each Score

Your Score History

You have not taken this quiz since the last reset